00444nam a22001697a 450000500170000001000150001702000260003203500140005803700090007208200140008110000130009524500380010825000060014626000480015227000490020030000250024920251208125408.0 aENG-147287 a9789390951871c350.00 aEN-130819 bDBAD a230.4221 aM.A Maya aDestination Liberation/cM.A Maya a1 aNew DelhibAllied Publishers Pvt Ltd.c2023 aA-104, Mayapuri, Phase-IIbNew Delhie110064 aix, 142p.c22cm.(hb)